| 000 | 01006nam a2200289 a 4500 | ||
|---|---|---|---|
| 003 | MX-MxUPN | ||
| 005 | 20251028063938.0 | ||
| 008 | 991125s1993 mx a br 000 0 spa d | ||
| 020 | _a9682953499 | ||
| 035 | _aUPN01000037187 | ||
| 040 |
_aMX-MxUPN _bspa _cMX-MxUPN |
||
| 041 | _aspa | ||
| 050 | 4 |
_aLB1589 _bM6.1 1993 LR |
|
| 100 | 1 |
_aBlock Sevilla, David _932624 |
|
| 100 | 1 |
_937346 _aCarvajal Juárez, Alicia Lily |
|
| 100 | 1 |
_937094 _aFuenlabrada Velázquez, Irma Rosa |
|
| 100 | 1 |
_aMartínez Falcón, Norma Patricia _d1963- _953966 |
|
| 245 | 1 | 0 |
_aMatemáticas : _bprimer grado : recortable |
| 260 |
_aMéxico, D.F. : _bSecretaria de Educación Pública, Comisión Nacional de los Libros de Texto Gratuitos, _c1993. |
||
| 300 |
_a62 páginas : _bilustraciones |
||
| 500 | _a"Libro de texto" | ||
| 650 | 4 |
_aMatemáticas _vLibros de texto _919875 |
|
| 650 | 4 |
_aMatemáticas _xEstudio y enseñanza (Elemental) _92809 |
|
| 902 | _bMaríaRobles/091024 | ||
| 905 | _aLibro | ||
| 942 |
_2lcc _cLIBRO _n0 |
||
| 999 |
_c37187 _d37187 |
||